000 01085nam a22003137a 4500
003 CHAP
005 20220329141800.0
008 971013s1974 r 00010 d
010 _a73747
011 _a74719
035 _a84278
040 _cCHAP
090 _aTesis
100 0 0 _aCárdenas de la Fuente, Héctor Jesús.
_924053
245 _aEfecto de la exposición a temperaturas de 40,50,60 y 70C sobre el letargo de la semilla de zacate Buffel (Cenchrus ciliaris L.)
260 _a(Monterrey, N.L.) :
_bEl autor,
_c1974
300 _a48 h.
502 _aTesis (Ing. Agr. Zootecnista) -- ITESM. Div. de Ciencias Agropecuarias y Marítimas
590 _aALEPH
_b10
_c20130110
_lUCH01
_h1417
590 _aBATCH-UPD
_b10
_c20130110
_lUCH01
_h0429
590 _aBATCH-UPD
_b10
_c20130410
_lUCH01
_h0104
590 _aBATCH-UPD
_b10
_c20130914
_lUCH01
_h0824
590 _aCONVERSION
_b10
_c20130109
_lUCH01
_h1340
650 1 4 _aCalor
_xEfecto en semillas.
_917575
650 1 4 _aZacate Buffel.
_9123395
901 _aBK
942 _cTESIS
949 _bBC
_cTES
_d-39516
_eTS1
_i84278
_si
999 _c73747
_d73747